| 000 | 00656nam a2200229 i 4500 | ||
|---|---|---|---|
| 001 | bgj | ||
| 100 | 1 | _aLODGE, Robert A. | |
| 245 | 1 | 0 |
_aA Book of Short Stories / _c[compiled] by Robert A. Lodge [and] Sarah E. Laubacher. |
| 260 |
_aNew York : _bHarcourt, Brace & World, Inc., _ccop. 1969. |
||
| 300 |
_aVI, 310 pp ; _c21 cm. |
||
| 490 | 1 | _aPerspectives in Literature | |
| 650 | 9 | _aReaders | |
| 650 | 9 | _aShort Stories | |
| 700 | 1 | _aLAUBACHER, Sarah E. | |
| 830 | _aPerspectives in Literature | ||
| 020 | _a0153368403 | ||
| 040 | _cBPK | ||
| 041 | 0 | _aeng | |
| 920 | _a0-15-336840-3 | ||
| 942 | _cKS | ||
| 008 | s uk f |000 0 eng | ||
| 999 |
_c48543 _d48543 |
||
| 856 |
_uhttp://koha.tu.koszalin.pl/cgi-bin/koha/opac-detail.pl?biblionumber=48543 _yKatalog online BPK |
||